| 000 | 00406 a2200157 4500 | ||
|---|---|---|---|
| 999 |
_c424938 _d424938 |
||
| 003 | NUST | ||
| 005 | 20191126123807.0 | ||
| 008 | 191126b ||||| |||| 00| 0 eng d | ||
| 038 | _aMSOHAIL | ||
| 082 | _a620.1123 | ||
| 100 |
_aIrving H. Shames _926227 |
||
| 245 | _aElastic and Inelastic Stress Analysis | ||
| 260 |
_aLondon _bTaylor and Francis _c1997 |
||
| 300 | _ap;722 | ||
| 942 |
_aNUST _cBK _cBK _2ddc |
||